000 01238nam a2200313 i 4500
003 EG-GICUC
005 20260121101217.0
008 251113s1997 ua ||||fr|||| 001 0 ara d
040 _a EG-GICUC
_bara
_c EG-GICUC
_d EG-GICUC
_erda
041 _aara
082 0 4 _a343.241
_bم ص . ج
_221
092 0 4 _221
099 _aLaw1 10 343.241 م ص . ج 1997 1004912
100 0 _aمصطفى مجدي هرجة.
_eمؤلف.
245 1 0 _aجرائم السرقة في ضوء الفقه والقضاء مضاف إليه ملحق بأحدث أحكام محكمة النقض /
_cالمستشار مصطفى مجدي هرجة.
264 1 _aالإسكندرية، مصر :
_bدار المطبوعات الجامعية،
_c1997.
300 _a192 صفحة ؛
_c24 سم.
336 _2rda content
_atext
337 _2rda media
_aComputer
338 _2rda carrier
_aOnline Resource
504 _aيشتمل على ارجاعات ببليوجرافية.
546 _aالنص باللغة العربية
650 1 _aالجرائم الماسة بالأموال
_2qrmak
650 1 _aالسرقة
_2qrmak
651 1 _2qrmak
856 4 0 _uhttps://fll.law.cu.edu.eg/fulltext/bks/B10-04912.pdf
905 _a18
942 _2ddc
_n0
_cBK
_e21
999 _c43009
_d43009